000 00406nam a2200157Ia 4500
008 240729s9999 xx 000 0 und d
022 _a2356-6124
245 0 _aSurgery Research and Practice
260 _aUnited Kingdom
260 _bHindawi Limited
650 _a Surgery
650 _aMedicine
856 _uhttps://doaj.org/toc/b458047c46a6444cb314c0a403f01702
942 _2ddc
942 _cDOAJEJ
999 _c71708
_d71708
945 _a1
_bMadushi Gamage
_c1
_dMadushi Gamage